000 00568nam a22001577a 4500
005 20090511141241.0
008 090511t xxu||||| |||| 00| 0 eng d
022 _a0970-4140
245 _aJournal of the Indian Institute of Science
260 _aBangalore
_bIndian Institute of Science (IISc)
_c2008-
300 _av.
_c28 cm
310 _aQuarterly
270 _bBangalore
_e560012
_k80-22932750, 22932618
_l80-22932066
_mjournal@library.iisc.ernet.in
942 _2ddc
_cSR
_s1
999 _c26220
_d26220